000 01235nam a2200289 a 4500
003 BLK
005 20250325174027.0
008 181211b bu a|||gr|||| 00| 0 bu d
020 _a9786191992928
020 _a3800083822561
040 _aBLK
041 _aBUL
_cBUL
080 _aИталианска литература
_b821.131.1
_x-93-31
_z821.131.1-93-31
100 1 _aБакаларио, Пиердоменико
_935513
139 _aБакаларио, Пиердоменико
_bБ 16
245 _aКошмарното семейство
_cПиердоменико Бакаларио ; ил. Матео Пиана ; прев. Нели Раданова
260 _9209475
_aСофия
_bФют
_c2018
300 _a144 с.
_bс ил.
_c20 см
380 _aDX
500 _aОриг. загл.: Will Moogley Agencia Fantasmi. Una famiglia... di brivido! / Pierdomenico Baccalario Кн. 2 от поредицата Агенция "Призраци"
700 _9391506
_aПиана, Матео
700 _9296626
_aРаданова, Нели Николова
_eпрев.
852 _aЦб 292342
_bЦб
852 _bД
_c821-93/Б 16 П
942 _cKNG
_n0
_02
999 _c327540
_d327540
944 _k30537
_lГрета Цуфелде